Normal view
MARC view
- Hiller, N.
Entry Personal Name
001 - CONTROL NUMBER
- control field: 5440
003 - CONTROL NUMBER IDENTIFIER
- control field: CBULib
005 - DATE AND TIME OF LATEST TRANSACTION
- control field: 20260508103714.0
008 - FIXED-LENGTH DATA ELEMENTS
- fixed length control field: 260508|| aca||aabn | a|a d
040 ## - CATALOGING SOURCE
- Original cataloging agency: CBULib
100 ## - HEADING--PERSONAL NAME
- Personal name: Hiller, N.
- Relator term: series editor